01068nam a2200313 i 45000010005000000030009000050050017000140080039000310150017000700400041000870460009001280800010001371000052001472450073001992600056002723000047003283360027003753370054004023380028004563800016004843880014005003880014005145040036005286500023005646500017005876580011006047100042006158560097006578219KOSZ 00520201215093257.0081205s1956 pl a f 001 0 pol aPB 1956/6553 aWA NcWA NdKOSZ 005/RWdKOSZ 005/HR k1950 a543.21 aZagórski, Zbigniew Pawełd(1926-2014)eAutor10aMetoda polarograficzna w analizie chemicznej /cZbigniew Zagórski. aWarszawa :bPaństwowe Wydawnictwo Naukowe,c1956. a594, [1] s., [1] s. tabl. :bil. ;c25 cm. 2rdacontentaTekstbtxt 2rdamediaaBez urządzenia pośredniczącegobn 2rdacarrieraWoluminbnc aKsiążki a1901-2000 a1945-1989 aBibliogr. s. [536]-568. Indeks. 4aChemia analityczna 4aPolarografia aChemia2 aPaństwowe Wydawnictwo Naukowe4pbl. uhttp://koha.tu.koszalin.pl/cgi-bin/koha/opac-detail.pl?biblionumber=8219yKatalog online BPK